MLB Team Logo Colors - Statistics

General Stats
  • This quiz has been taken 1,396 times
    1,233 since last reset
  • The average score is 56 of 91
Answers on the Map
Answers color-coded by a green-red scale on the quiz's map according to % correct below.
 
Answer Stats
Team Answer % Correct
Baltimore Orioles Black
94%
Baltimore Orioles Orange
92%
Boston Red Sox Red
92%
Boston Red Sox White
92%
Chicago White Sox Black
91%
Baltimore Orioles White
91%
Chicago White Sox White
85%
Chicago White Sox Silver
82%
Detroit Tigers Navy Blue
81%
Athletics Green
78%
Cleveland Guardians Red
78%
Cleveland Guardians White
78%
Houston Astros White
78%
Houston Astros Dark Blue
77%
Houston Astros Orange (Orange & Dark Orange)
77%
Kansas City Royals Royal Blue
77%
Kansas City Royals Gold
75%
Athletics Gold
75%
Cleveland Guardians Navy Blue
75%
Los Angeles Angels Red (Red & Dark Red)
75%
Kansas City Royals White
75%
Athletics White
75%
Kansas City Royals Black
67%
Seattle Mariners Navy Blue
67%
Minnesota Twins Navy Blue
66%
Minnesota Twins Scarlet Red
66%
Minnesota Twins White
66%
New York Yankees White
66%
New York Yankees Red
65%
New York Yankees Navy Blue
64%
Houston Astros Gray
63%
Arizona Diamondbacks Sedona Red
63%
Los Angeles Angels White
63%
Tampa Bay Rays Blue
62%
Texas Rangers Blue
62%
Toronto Blue Jays Blue (Royal Blue & Navy Blue)
62%
Texas Rangers Red
62%
Toronto Blue Jays Red
62%
Texas Rangers White
62%
Toronto Blue Jays White
62%
Los Angeles Angels Navy Blue
61%
Chicago Cubs Blue
60%
Minnesota Twins Gray
60%
Seattle Mariners Northwest Green
60%
Los Angeles Angels Silver
60%
Los Angeles Dodgers Dodger Blue
59%
Chicago Cubs Red
59%
Cincinnati Reds Red
59%
Seattle Mariners Silver
59%
Tampa Bay Rays White
59%
Chicago Cubs White
59%
Tampa Bay Rays Yellow
59%
Atlanta Braves Navy Blue
57%
Atlanta Braves Scarlet Red
57%
Seattle Mariners White
57%
Los Angeles Dodgers White
57%
Los Angeles Dodgers Red
56%
Cincinnati Reds White
56%
Arizona Diamondbacks Black
55%
Cincinnati Reds Black
55%
Colorado Rockies Purple
55%
Miami Marlins Black
53%
St. Louis Cardinals Cardinal Red
53%
Pittsburgh Pirates Gold
53%
Milwaukee Brewers Blue (Navy Blue & Royal Blue)
52%
Miami Marlins Miami Blue
52%
Colorado Rockies Silver
52%
New York Mets Blue
51%
Seattle Mariners Red
51%
Arizona Diamondbacks Sonoran Sand
51%
Milwaukee Brewers White
51%
Milwaukee Brewers Yellow
51%
New York Mets Orange
50%
Philadelphia Phillies Red
50%
New York Mets White
50%
Atlanta Braves Gold
49%
Philadelphia Phillies White
49%
Philadelphia Phillies Blue
48%
Miami Marlins Caliente Red
48%
San Francisco Giants Black
46%
San Francisco Giants Orange
45%
St. Louis Cardinals White
44%
St. Louis Cardinals Yellow
44%
Washington Nationals Scarlet Red
43%
San Diego Padres Brown
42%
Washington Nationals Navy Blue
42%
Miami Marlins Slate Gray
42%
Washington Nationals White
42%
St. Louis Cardinals Navy Blue
41%
San Francisco Giants White
38%
San Francisco Giants Gold (Gold & Cream)
31%
No matching quizzes found
Score Distribution
Percent of People with Each Score
Percentile by Number Answered
Your Score History
You have not taken this quiz since the last reset